Cómputo de votos y declaratorias de elección 2006. Provincia de Alajuela: alcaldías, síndicos(as), concejales de distrito, intendentes y concejales municipales de distrito /

Kaydedildi:
Detaylı Bibliyografya
Müşterek Yazar: Costa Rica. Tribunal Supremo de Elecciones
Materyal Türü: Metin
Konular:
Etiketler: Etiketle
Etiket eklenmemiş, İlk siz ekleyin!

MARC

LEADER 00000 a a2200000 04500
001 42836
003
040
110 |a Costa Rica.   |b Tribunal Supremo de Elecciones  
245 |a Cómputo de votos y declaratorias de elección 2006.  |b Provincia de Alajuela: alcaldías, síndicos(as), concejales de distrito, intendentes y concejales municipales de distrito /  |c Tribunal Supremo de elecciones de Costa Rica 
650 |a ELECCIONES  
650 |a VOTACION  
650 |a COSTA RICA  
650 |a ALAJUELA  
650 |a GOBIERNO LOCAL  
773 |g volumen2, número1 ( , 2006)  
999 |c 38055  |d 38055